| 000 | 00468nam a22001697a 4500 | ||
|---|---|---|---|
| 999 |
_c5946 _d5946 |
||
| 003 | GBCCL | ||
| 005 | 20241126110553.0 | ||
| 008 | 180418b ||||| |||| 00| 0 eng d | ||
| 040 | _cgbc | ||
| 082 |
_a262.1 _bNAI |
||
| 100 |
_aNair, Silas C. _910752 |
||
| 245 |
_aThe Servant leader: _bAn outline study / _cSilas C. Nair |
||
| 260 |
_aBombay: _bGospel Literature Service, _c1991 |
||
| 300 |
_a61 p.; _c18 cm. |
||
| 650 |
_aChristian leadership _91568 |
||
| 942 |
_2ddc _cBK _01 |
||